|
|
|
|
| LEADER |
00000nbm0a2200000 4500 |
| 001 |
75078 |
| 005 |
20231031090227.0 |
| 035 |
|
|
|a (RuTPU)RU\TPU\book\80056
|
| 090 |
|
|
|a 75078
|
| 100 |
|
|
|a 20050317d1981 k y0rusy50 ca
|
| 101 |
0 |
|
|a rus
|
| 102 |
|
|
|a RU
|
| 105 |
|
|
|a a m 001zy
|
| 200 |
1 |
|
|a Геолого-структурная позиция среднепалеозойской карбонатной формации в эвгиосинкнальной зоне Северного Урала
|e диссертация на соискание ученой степени кандидата геолого-минералогических наук
|e Спец. 04.03.01
|f А. Л. Клопов
|g Западно-Сибирский научно-исследовательский геологоразведочный нефтяной институт; науч. рук. П. С. Лапин
|
| 210 |
|
|
|a Тюмень
|c [Б. и.]
|d 1981
|
| 215 |
|
|
|a 317л.
|c ил.
|
| 320 |
|
|
|a Библиогр.: с. 198-233 (280 назв.).
|
| 610 |
1 |
|
|a геология
|
| 610 |
1 |
|
|a палеозой
|
| 610 |
1 |
|
|a Урал
|
| 610 |
1 |
|
|a регионы
|
| 610 |
1 |
|
|a строение
|
| 610 |
1 |
|
|a состав
|
| 610 |
1 |
|
|a структура
|
| 610 |
1 |
|
|a бокситы
|
| 675 |
|
|
|a 551.73(048)
|v 3
|
| 686 |
|
|
|a 04.03.01
|2 oksvnk
|
| 700 |
|
1 |
|a Клопов
|b А. Л.
|g Анатолий Лаврентьевич
|
| 702 |
|
1 |
|a Лапин
|b П. С.
|4 727
|
| 712 |
0 |
2 |
|a Западно-Сибирский научно-исследовательский геологоразведочный нефтяной институт
|2 stltpush
|3 (RuTPU)RU\TPU\col\2064
|
| 801 |
|
1 |
|a RU
|b 63413507
|c 20050317
|g PSBO
|
| 801 |
|
2 |
|a RU
|b 63413507
|c 20060306
|g PSBO
|
| 942 |
|
|
|c BK
|